personnages stranger things saison 1 a 4 - Statistiques

Statistiques générales
  • Ce quiz a été pris 2 878 fois
  • Le résultat moyen est 23 sur 30
Statistiques - réponses
Hint Réponse % Correct
a des pouvoirs eleven
100%
joue a d&d dans son sous sol mike
99%
disparait en saion 1 will
99%
a adopte un démochien dustin
98%
fort au lance pierre lucas
98%
policier hopper
97%
mère de deux enfants joyce
96%
apparait en saison 2 max
96%
se fait posséder en saison 3 billy
93%
petite soeur de la famille sinclair erica
93%
travaille au scoops ahoy steve
93%
ennemi de la saison 4 vecna
93%
travaille au scoops ahoy aussi robin
89%
chef du club d&d eddie
87%
premier monstre a apparaitre demogorgon
85%
meurt dans le monde a l'envers en saison 1 barbara
81%
meurt en saison 2 bob
80%
mère de trois enfants karen
75%
monstre qui possède les gens flagelleur mental
73%
démochien adopté dart
70%
petite soeur de 2 personnes holly
68%
russe gentil de la saison 3 alexei
67%
fait des experiences sur des enfants brenner
64%
meurt au premier episode de la saison 4 chrissy
64%
se fait attaquer au dernier episode de la saison 4 volume 1 nancy
63%
ancien employé du hawkins post jonathan
57%
russe qui aide un policier en russie dans la saison 4 enzo
54%
apparait en saison 4 en californie argyle
51%
meurt en enquetant en saison 4 fred
33%
prof de sciences mr clarke
15%
Aucun quiz correspondant
Distribution des résultats
% des personnes avec chaque résultat
Percentile par nombre de réponses
Votre historique - résultats
Vous n’avez pas pris ce quiz